| 000 | 00896nam1a2200301 i 4500 | ||
|---|---|---|---|
| 001 | RU\NLR\bibl\64377 | ||
| 005 | 20240919213150.0 | ||
| 035 | _a(NLR Aleph) 000062823 | ||
| 090 |
_a343062 _c343062 |
||
| 100 | _a19991217g19999999u y0rusy50 ca | ||
| 101 | 0 | _arus | |
| 102 | _aRU | ||
| 105 | _aa ||||||||| | ||
| 200 | 1 |
_aСчастливый английский _eВ 4 кн. |
|
| 205 | _a2-е изд. | ||
| 210 |
_aМ. _cПросвещение _d1999 |
||
| 215 | _d22 | ||
| 300 | _aЗагл. обл.: Happy English. 4 | ||
| 463 | 0 | _100161492 | |
| 463 | 0 | _100173841 | |
| 512 | 1 | _aHappy English. 4 | |
| 606 | 0 |
_aАнглийский язык _jУчебные издания _9972309 _3RU\NLR\auth\6646032 |
|
| 686 | _aШ143.21-93рус21[9] | ||
| 801 | 0 |
_aRU _bNLR _c19991217 _gPSBO |
|
| 801 | 1 |
_aRU _bNLR _c19991217 |
|
| 852 |
_aNLR _j99-5/4119 |
||
| 942 | _cBOOK | ||